Score 0/54 Timer 08:00
3 Plays Today
Person Missing % Correct
Leonardo da ___Vinci
88%
Catherine of ___Aragon
84.5%
Catherine ___ Medicide'
84.4%
___ IElizabeth
82.9%
Mary, Queen of ___Scots
82.6%
Martin ___Luther
82%
___ VIIIHenry
80.3%
Ivan IV, 'the ___'Terrible
79.6%
Anne ___Boleyn
79.5%
___ VespucciAmerigo
79.4%
Sir Francis ___Drake
77.2%
___ Jane GreyLady
75.3%
Charles V, Holy ___ EmperorRoman
75.3%
'___Mary' I of EnglandBloody
74%
___ Thomas MoreSaint or Sir
73.5%
___Michelangelo
72.3%
Hernán ___Cortés
69.9%
Vasco ___ Gamada
69.2%
___ CalvinJean
68.9%
Sir Walter ___Raleigh
68.8%
Ferdinand ___Magellan
67%
Niccolò ___Machiavelli
60.1%
___ II of SpainPhilip
58.1%
Juan ___ de LeónPonce
54.1%
___ IIMoctezuma
49.1%
___ MarloweChristopher
44.9%
Süleyman 'the ___'Magnificent
44.5%
Person Missing % Correct
Nicolaus ___Copernicus
42.9%
Pope ___ XIIIGregory
39.9%
___Raphael
39.1%
___ GodunovBoris
38.7%
___ IFrancis
38.2%
Jacques ___Cartier
37.2%
Albrecht ___Dürer
36.6%
Francisco ___Pizarro
36.4%
___Nostradamus
35.4%
El ___Greco
31.2%
___ TyndaleWilliam
30.6%
Hernando de ___Soto
30.2%
___ of RotterdamErasmus
27.7%
___ BoschHieronymus
27.2%
Vasco Núñez de ___Balboa
24.6%
Edmund ___Spenser
22.4%
Pope ___ VIIClement
20.4%
___ TallisThomas
19.8%
___ NanakGuru
17.6%
___Atahualpa
12.9%
___Titian
12.9%
Michel de ___Montaigne
12.8%
___ NobunagaOda
12.5%
François ___Rabelais
12%
___Hiawatha
8.4%
Baldassare ___Castiglione
7.4%
Giovanni Pierluigi da ___Palestrina
5.8%
Remove Ads.
Support Sporcle.
Get the best of Sporcle when you Go Orange. This ad-free experience offers more features, more stats, and more fun while also helping to support Sporcle. Thank you for becoming a member.

You're not logged in!

Compare scores with friends on all Sporcle quizzes.
OR
Log In

Show Comments

Extras

Top Quizzes Today


Score Distribution

Your Account Isn't Verified!

In order to create a playlist on Sporcle, you need to verify the email address you used during registration. Go to your Sporcle Settings to finish the process.

Report this User

Report this user for behavior that violates our Community Guidelines.

Details: